Die Naiven der Welt

Bibliographic Details
Main Author: Merin, Oto Bihalji (Author)
Format: Book
Language:German
PhysicalDescription:312 s.
Published: Stuttgart W. Kohlhammer 1973

MARC

LEADER 00000nam a2200000 a 4500
001 vtls001358808
003 SK-MaSNL
005 20260301115014.0
008 240314s1973 gw 0 ger
035 |a SNK000312337 
040 |a SNK  |b slo  |c SNK  |e AACR2 
041 0 |a ger 
044 |a gw  |c DE 
100 1 |a Merin, Oto Bihalji  |4 aut  |9 459308 
245 1 4 |a Die Naiven der Welt 
260 |a Stuttgart  |b W. Kohlhammer  |c 1973 
300 |a 312 s. 
958 |a OND 
999 |c 720613  |d 722543 
952 |t P60, <03>, [BOOK], {603}  |a SNK  |b SNK  |y PREZ  |7 0  |p 17A0187029  |o snkSB 20954  |0 0  |1 0  |4 0  |d 1999-03-26  |l 0  |r 2025-03-21 00:00:00  |w 2026-02-23